<?xml version="1.0" encoding="UTF-8"?>
<collection xmlns="http://www.loc.gov/MARC21/slim">
<record>
  <controlfield tag="001">6845</controlfield>
  <controlfield tag="005">20240220094640.0</controlfield>
  <datafield tag="024" ind1="7" ind2=" ">
    <subfield code="a">10.1029/2023GL105701</subfield>
    <subfield code="2">DOI</subfield>
  </datafield>
  <datafield tag="037" ind1=" " ind2=" ">
    <subfield code="a">SCART-2024-0095</subfield>
  </datafield>
  <datafield tag="100" ind1=" " ind2=" ">
    <subfield code="a">Drilleau, Mélanie</subfield>
  </datafield>
  <datafield tag="245" ind1=" " ind2=" ">
    <subfield code="a">Constraints on Lateral Variations of Martian Crustal Thickness From Seismological and Gravity Field Measurements</subfield>
  </datafield>
  <datafield tag="260" ind1=" " ind2=" ">
    <subfield code="c">2024</subfield>
  </datafield>
  <datafield tag="520" ind1=" " ind2=" ">
    <subfield code="a">Using body wave arrival times from 31 seismic events recorded on Mars by the InSight mission, combined with topography and gravity field modeling, we constrained lateral variations of crustal thickness through a Bayesian inversion approach. The parameterization of the seismic structure relies on quantities that influence the thermochemical evolution of Mars, enabling the seismic velocities and densities in the different planetary envelopes to be consistently linked through common physical assumptions. Compared to a 1D structure, models with lateral variations of crustal thickness show two possible interpretations of the thermal evolution of Mars, with either a hot or cold scenario at the present-day. We found the hot scenario to be more compatible with InSight's radiotracking data and the tidal Love number. We relocated the marsquakes and derived maps of seismicity recorded by InSight, which is mostly located along or North of the boundary between the Northern lowlands and the Southern highlands.</subfield>
  </datafield>
  <datafield tag="536" ind1=" " ind2=" ">
    <subfield code="a">3PRODPLANINT/</subfield>
    <subfield code="c">3PRODPLANINT/</subfield>
    <subfield code="f">3PRODPLANINT</subfield>
  </datafield>
  <datafield tag="594" ind1=" " ind2=" ">
    <subfield code="a">NO</subfield>
  </datafield>
  <datafield tag="700" ind1=" " ind2=" ">
    <subfield code="a">Samuel, Henri </subfield>
  </datafield>
  <datafield tag="700" ind1=" " ind2=" ">
    <subfield code="a">Garcia, Raphaël F.</subfield>
  </datafield>
  <datafield tag="700" ind1=" " ind2=" ">
    <subfield code="a">Rivoldini, Attilio</subfield>
  </datafield>
  <datafield tag="700" ind1=" " ind2=" ">
    <subfield code="a">Perrin, Clément</subfield>
  </datafield>
  <datafield tag="700" ind1=" " ind2=" ">
    <subfield code="a">Wieczorek, Mark</subfield>
  </datafield>
  <datafield tag="700" ind1=" " ind2=" ">
    <subfield code="a">Lognonné, Philippe</subfield>
  </datafield>
  <datafield tag="700" ind1=" " ind2=" ">
    <subfield code="a">Banerdt, William B.</subfield>
  </datafield>
  <datafield tag="773" ind1=" " ind2=" ">
    <subfield code="p">Geophysical Research Letters</subfield>
    <subfield code="v">51</subfield>
    <subfield code="y">2024</subfield>
    <subfield code="n">4</subfield>
  </datafield>
  <datafield tag="856" ind1="0" ind2=" ">
    <subfield code="f">attilio.rivoldini@ksb-orb.be</subfield>
  </datafield>
  <datafield tag="856" ind1="4" ind2=" ">
    <subfield code="s">3790410</subfield>
    <subfield code="u">http://publi2-as.oma.be/record/6845/files/Drilleau2024aa00.pdf</subfield>
  </datafield>
  <datafield tag="856" ind1="4" ind2=" ">
    <subfield code="s">9137282</subfield>
    <subfield code="u">http://publi2-as.oma.be/record/6845/files/Drilleau2024aa01.pdf</subfield>
  </datafield>
  <datafield tag="856" ind1="4" ind2=" ">
    <subfield code="s">19432</subfield>
    <subfield code="u">http://publi2-as.oma.be/record/6845/files/Drilleau2024aa00.gif?subformat=icon</subfield>
    <subfield code="x">icon</subfield>
  </datafield>
  <datafield tag="856" ind1="4" ind2=" ">
    <subfield code="s">22463</subfield>
    <subfield code="u">http://publi2-as.oma.be/record/6845/files/Drilleau2024aa00.jpg?subformat=icon-180</subfield>
    <subfield code="x">icon-180</subfield>
  </datafield>
  <datafield tag="856" ind1="4" ind2=" ">
    <subfield code="s">2939</subfield>
    <subfield code="u">http://publi2-as.oma.be/record/6845/files/Drilleau2024aa01.jpg?subformat=icon-180</subfield>
    <subfield code="x">icon-180</subfield>
  </datafield>
  <datafield tag="856" ind1="4" ind2=" ">
    <subfield code="s">3045</subfield>
    <subfield code="u">http://publi2-as.oma.be/record/6845/files/Drilleau2024aa01.gif?subformat=icon</subfield>
    <subfield code="x">icon</subfield>
  </datafield>
  <datafield tag="905" ind1=" " ind2=" ">
    <subfield code="a">published in</subfield>
  </datafield>
  <datafield tag="980" ind1=" " ind2=" ">
    <subfield code="a">REFERD</subfield>
  </datafield>
</record>
</collection>